00352nam a2200133Ia 4500008004100000020001800041041000800059082001100067100001800078245003100096260004000127300001900167650003200186230511s2004 xx 000 0 und d a1-84330-728-6 aeng a577.54 aOIdfield Sara aDesert The living Drylands aUKbNew Holland Pub.(UK) Ltd.c2004 a160HB 32X25 cm aFundamentals of Photography